000 00696cam a2200193 a 4500
001 000018913
005 20200929165900.0
008 830404s1967 gt 000 0 spa d
040 _aDO-SdBNP
_bspa
_cLC
_dBNPHU
082 _a915.17
_bD542u
100 1 _aDíaz Vasconcelos, Luis Antonio.
_940709
245 1 3 _aUn viaje a Formosa pasando por otras partes :
_bcrónica de un viaje al Oriente /
_cLuis Antonio Díaz Vasconcelos.
260 _aGuatemala :
_bTipografía Nacional Guatemala,
_c1967.
300 _a494 p. :
_bil. ;
_c21 cm.
651 4 _aTaiwan
_xDescripción Y Viajes
_940710
651 4 _aFormosa
_xRelaciones Exteriores
_940711
910 _aCatalogación derivada / LC
049 _aBNGR
999 _c18431
_d18431